Word Ladder: Robin Williams Movies Quiz Stats

 Plays Quiz Updated Aug 12, 2014

Support Sporcle.
Go Orange.
Score 0/52 Timer 05:00
0 Plays Today
Clue 4-Letter Word % Correct
'___ Morning Vietnam' (1987)*GOOD*
95%
'Good ___ Hunting' (1997)*WILL*
94.1%
'___ Poets Society' (1989)*DEAD*
93.4%
Yogi or Boo Boo, e.g.BEAR
93.4%
Head covering attached to a sweatshirtHOOD
92%
Compass directionWEST
91.4%
Word after oil or wishingWELL
90.7%
Typical salutation in a letterDEAR
90.7%
Not tameWILD
90.6%
'The ___ of Times' (1986)*BEST*
89.4%
'What Dreams May ___' (1998)*COME*
88.7%
Sound of a car hornHONK
88.3%
Swollen markWELT
88.3%
Chemical element with symbol PbLEAD
87.3%
ConquerBEAT
86.8%
Give a darnCARE
86.6%
'___' (1991)*HOOK*
85%
Shakespearean KingLEAR
84.4%
'___' (1992), or children's playthings*TOYS*
84.3%
1996's '___', or Jill's partner*JACK*
84%
Reset a pocket watchWIND
83.7%
'Man of the ___' (2006)*YEAR*
83.7%
NucleusCORE
83.1%
Type of freshwater fishCARP
82.5%
'The Fisher ___' (1991)*KING*
81.9%
Used for flyingWING
76.8%
Clue 4-Letter Word % Correct
Hemsworth in 'The Hunger Games'LIAM
76.6%
Affirmative votesYEAS
76.1%
AthleteJOCK
75.5%
Thailand, onceSIAM
74.8%
'The World According to ___' (1982)*GARP*
74.5%
Downtrodden section of a citySLUM
74.5%
'Jakob the ___' (1999)*LIAR*
73.8%
Grassy meadowsLEAS
73.7%
Sticky substanceGOOP
71.7%
1st half of a Special Administrative Region of ChinaHONG
71.4%
2nd half of a Special Administrative Region of ChinaKONG
71.3%
Colorfully sadBLUE
70%
Rotunda featureDOME
69.9%
Win all the tricks in bridgeSLAM
69.7%
1985 movie based on a board gameCLUE
66.5%
'One ___ Photo' (2002)*HOUR*
66.2%
Type of trail mixGORP
63.9%
ClothesTOGS
51.9%
'Old ___' (2009)*DOGS*
51.2%
PawnHOCK
51.1%
English rock band known for 'Song 2'BLUR
49.3%
Italian magistrateDOGE
46.5%
NY Yankees catcher and manager, RalphHOUK
44.6%
'___ Paradise' (1986)*CLUB*
43.1%
Scottish cottageBOUR
41.2%
Lump in yarn or threadSLUB
40.2%

Today's Daily Dose

You're not logged in!

Compare scores with friends on all Sporcle quizzes.
OR
Log In

From the Vault

What's in That Sauce?

by ZYX

Are you sure you want to know?
Remove Ads.
Support Sporcle.
Get the best of Sporcle when you Go Orange. This ad-free experience offers more features, more stats, and more fun while also helping to support Sporcle. Thank you for becoming a member.

Show Comments

Extras

Top Quizzes Today


Score Distribution

Your Account Isn't Verified!

In order to create a playlist on Sporcle, you need to verify the email address you used during registration. Go to your Sporcle Settings to finish the process.

Report this User

Report this user for behavior that violates our Community Guidelines.

Details: